Movies by Object Pictures #1 - Statistics

General Stats
  • This quiz has been taken 18,790 times
  • The average score is 10 of 18
Answer Stats
Picture Hint Answer % Correct
Harry Potter and the Philosopher's Stone
90%
Willy Wonka & the Chocolate Factory
89%
Back to the Future Part II
82%
Titanic
72%
Cast Away
70%
American Psycho
69%
Inception
68%
Tricycle The Shining
68%
Pirates of the Caribbean: The Curse of the Black Pearl
61%
Kill Bill: Vol.1
59%
Hint: PKE Meter Ghostbusters
53%
Groundhog Day
40%
Home Alone
40%
Guardians of the Galaxy
34%
Drive
25%
Citizen Kane
24%
Jurassic Park
21%
The Usual Suspects
19%
No matching quizzes found
Score Distribution
Percent of People with Each Score
Percentile by Number Answered
Your Score History
You have not taken this quiz